<?xml version="1.0" encoding="UTF-8"?>
<record
    xmlns:xsi="http://www.w3.org/2001/XMLSchema-instance"
    xsi:schemaLocation="http://www.loc.gov/MARC21/slim http://www.loc.gov/standards/marcxml/schema/MARC21slim.xsd"
    xmlns="http://www.loc.gov/MARC21/slim">

  <leader>01735nam a2200289uu 4500</leader>
  <controlfield tag="001">1161028</controlfield>
  <controlfield tag="005">20260507114327.0</controlfield>
  <controlfield tag="007">cr|||||||</controlfield>
  <controlfield tag="008">090811e20090811                    spa  </controlfield>
  <datafield tag="035" ind1=" " ind2=" ">
    <subfield code="a">1161028</subfield>
  </datafield>
  <datafield tag="040" ind1=" " ind2=" ">
    <subfield code="c">comduadb</subfield>
  </datafield>
  <datafield tag="041" ind1=" " ind2=" ">
    <subfield code="a">spa</subfield>
  </datafield>
  <datafield tag="080" ind1=" " ind2=" ">
    <subfield code="a">PQU</subfield>
  </datafield>
  <datafield tag="100" ind1="1" ind2="0">
    <subfield code="a">Bedoya Lora, Franky Esteban</subfield>
    <subfield code="4">aut</subfield>
    <subfield code="e">aut</subfield>
    <subfield code="9">594302</subfield>
  </datafield>
  <datafield tag="245" ind1="1" ind2="0">
    <subfield code="a">Homologaci&#xF3;n de m&#xE9;todos de an&#xE1;lisis f&#xED;sicoqu&#xED;mico empleados en Postob&#xF3;n S.A. para materias primas y producto terminado y validaci&#xF3;n del m&#xE9;todo para la determinaci&#xF3;n de grados Brix</subfield>
  </datafield>
  <datafield tag="260" ind1=" " ind2=" ">
    <subfield code="a">Medell&#xED;n :</subfield>
    <subfield code="b">[sin publicador],</subfield>
    <subfield code="c">2009.</subfield>
  </datafield>
  <datafield tag="300" ind1=" " ind2=" ">
    <subfield code="a">144 p&#xE1;ginas</subfield>
  </datafield>
  <datafield tag="520" ind1="3" ind2=" ">
    <subfield code="a">En el presente trabajo se realiza una homologaci&#xF3;n de m&#xE9;todos f&#xED;sico-qu&#xED;micos en la Compa&#xF1;&#xED;a Postob&#xF3;n S.A. respecto a normas nacionales e internacionales, con el fin de cerrar brechas y documentar diferencias para posibles modificaciones. Adem&#xE1;s, se desarrolla todo el proceso de validaci&#xF3;n del m&#xE9;todo para determinaci&#xF3;n de grados Brix en bebidas gaseosas y jarabes, usado en el Laboratorio Central de la compa&#xF1;&#xED;a, que busca evaluar el rendimiento en la ejecuci&#xF3;n del m&#xE9;todo y sentar las bases para el protocolo de validaci&#xF3;n de otros m&#xE9;todos en el futuro. Los par&#xE1;metros de rendimiento evaluados incluyen: la robustez del m&#xE9;todo, confirmaci&#xF3;n de identidad, linealidad, rango, sensibilidad, precisi&#xF3;n, exactitud e incertidumbre.</subfield>
  </datafield>
  <datafield tag="650" ind1=" " ind2=" ">
    <subfield code="a">Postob&#xF3;n (Empresa comercial)</subfield>
    <subfield code="9">63520</subfield>
  </datafield>
  <datafield tag="650" ind1=" " ind2=" ">
    <subfield code="a">An&#xE1;lisis f&#xED;sico-qu&#xED;mico</subfield>
    <subfield code="9">55268</subfield>
  </datafield>
  <datafield tag="650" ind1=" " ind2=" ">
    <subfield code="a">Bebidas gaseosas</subfield>
    <subfield code="9">6058</subfield>
  </datafield>
  <datafield tag="700" ind1="1" ind2="0">
    <subfield code="a">Castro Urrego, Jaime Andr&#xE9;s</subfield>
    <subfield code="4">ths</subfield>
    <subfield code="e">ths</subfield>
    <subfield code="9">557069</subfield>
  </datafield>
  <datafield tag="700" ind1="1" ind2="0">
    <subfield code="a">Villa Holgu&#xED;n, A&#xED;da Luz</subfield>
    <subfield code="4">ths</subfield>
    <subfield code="0">(viaf) 311388221</subfield>
    <subfield code="e">ths</subfield>
    <subfield code="9">517718</subfield>
  </datafield>
  <datafield tag="942" ind1=" " ind2=" ">
    <subfield code="c">TESIS</subfield>
  </datafield>
  <datafield tag="999" ind1=" " ind2=" ">
    <subfield code="c">514995</subfield>
    <subfield code="d">514995</subfield>
  </datafield>
  <datafield tag="502" ind1=" " ind2=" ">
    <subfield code="b">178</subfield>
    <subfield code="c">17</subfield>
  </datafield>
  <datafield tag="526" ind1=" " ind2=" ">
    <subfield code="a">180</subfield>
  </datafield>
  <datafield tag="952" ind1=" " ind2=" ">
    <subfield code="0">0</subfield>
    <subfield code="1">0</subfield>
    <subfield code="4">0</subfield>
    <subfield code="7">0</subfield>
    <subfield code="8">TESDIG</subfield>
    <subfield code="a">CENDI</subfield>
    <subfield code="b">CENDI</subfield>
    <subfield code="d">2009-08-11</subfield>
    <subfield code="e">Material adquirido por donaci&#xF3;n</subfield>
    <subfield code="i">C1061116</subfield>
    <subfield code="l">0</subfield>
    <subfield code="o">PQU 05187</subfield>
    <subfield code="r">2023-04-29 00:00:00</subfield>
    <subfield code="t">1</subfield>
    <subfield code="w">2023-04-29</subfield>
    <subfield code="y">INTER</subfield>
  </datafield>
</record>
